| 000 | 07258nam0a22006251 4500 | ||
|---|---|---|---|
| 001 | RU\NLR\A1\12286 | ||
| 005 | 20260407103923.0 | ||
| 035 | _a(NLR Aleph) 009674753 | ||
| 090 |
_a9677750 _c9677750 |
||
| 100 | _a19970827d1787 m y0rusy50 ca | ||
| 101 | 0 | _arus | |
| 102 | _aRU | ||
| 140 | _ay y cayaa0000 | ||
| 200 | 1 |
_aГарстлей и Флориничи, _eмещанская трагедия. _fВсл. Лвшн. |
|
| 210 |
_aМосква _cв Университетской типографии, у Н.Новикова _d1787 |
||
| 215 |
_a92 с. _d8° |
||
| 300 | _aЦенз.: Х.А.Чеботарев | ||
| 316 |
_aЭкз. РНБ (18.171.4.23) является частью владельч. конволюта. Припл. 8 един. В состав. пер., обтянутом корич. кожей, с кож. черным корешком. Корешок гладкий. На нижней крышке пер. экслибрис Рус. фонда ГПБ с шифром. Перед тит. л. вклеены два рукоп. листа с тит. л. конволюта "Полное собрание всех феатральных сочинений на российском языке имеющихся. Часть 44. В Санктпетербурге 1801 года. Е.Д." и оглавлением ч.44. На тит. л. штамп экслибрис имп. б-ки с буквами И.П.Б. _5NLR: 18.171.4.23 |
||
| 316 |
_aЭкз. РНБ (19.113а.3.417) является частью владельч. конволюта. Припл. к: [Карета, или по Платью встречают, по уму провожают : Водевиль в 1 д. / Переделан с фр. Федором Кони. - Москва: тип. Н. Степанова, 1836]. В состав. картон. пер., обтянутом мраморной бумагой, с кож. коричневыми корешком и уголками. Корешок гладкий, с золотым тиснением и двумя кож. зелеными наклейками, на верхней вытиснено: "Театр", на нижней: "96". Обрез крапчатый синий. На форзаце ярлык с шифром РНБ. На с.92 круглый штамп ГПБ _5NLR: 19.113а.3.417 |
||
| 317 |
_aВ экз. РНБ (18.171.4.23) на верхней крышке пер. суперэкслибрис блинтового тиснения: Е.Д. [Егор Давыдов] _5NLR: 18.171.4.23 |
||
| 317 |
_aЭкз. СПбГТБ из собрания вел. кн. Павла Александровича _5СПбГТБ |
||
| 321 | 1 | _aСК XVIII 3535 | |
| 481 | 0 |
_1001RU\NLR\A1\10039 _99672466 _aБогомолец, Ф. (1720-1784) _cВ Санктпетербурге _d1779 _fПереведена с польскаго языка. А.А.[пухтиным] _n[тип. Воен. коллегии] _oкомедия в трех действиях. _p[8], 70 с. _tБрак по календарю, _uhttp://vivaldi.nlr.ru/bx000017039/view |
|
| 481 | 0 | _1001RU\NLR\A1\11595 | |
| 481 | 0 |
_1001RU\NLR\A1\12482 _99678387 _aЛессинг, Г. Э. (поэт, драматург ; 1729-1781) _c[Москва] _d1779 _fПреложил с немецкаго на российские нравы И. З.[Иван Захаров?] _nпечатана в типографии Императорскаго Московскаго университета, [у Н.Новикова] _oкомедия в пяти действиях г. Лессинга. _p92 с. _tСолдатское щастье, _uhttp://vivaldi.nlr.ru/bx000017209/view |
|
| 481 | 0 |
_1001RU\NLR\A1\12501 _99678466 _aЛесаж, А.-Р. (1668-1747) _c[М.] _d1779 _nпечатана в типографии Императорскаго Московскаго университета, [у Н.Новикова] _oКомедия в одном действии. _p64 с. _tКриспин, соперник своего господина, _uhttp://vivaldi.nlr.ru/bx000016411/view |
|
| 481 | 0 |
_1001RU\NLR\A1\1440 _99663858 _aХольберг, Л. (1684-1754) _c[М.] _d1774 _fг. Голберга _nпечатана при Императорском Московском университете _p96 с. _tКомедия Гордость и бедность |
|
| 481 | 0 |
_1001RU\NLR\A1\23404 _99690474 _aФерьер, А. де (18 в.) _c[М.] _d1779] _fПереведена с французскаго Васильем Вороблевским 1778 году. В Москве _nТип. Имп. Моск. ун-та [у Н.Новикова _oЛирическая комедия в двух действиях _p84 с. _tБашмаки мордоре или Немецкая башмашница |
|
| 481 | 0 |
_1001RU\NLR\A1\27014 _99703231 _aЛа Рибадьер де (18 в.) _cВ Москве _d1779] _fсочинения господина Деларибардиера. _nв Университетской типографии, [у Н.Новикова _oкомедия в одном действии : наполнена песнями, _p40 с. _tДве сестры, или Хорошая приятельница |
|
| 481 | 0 |
_1001RU\NLR\A1\7196 _99670478 _aДанкур (1661-1725) _cВ Санктпетербурге _d1778 _fкомедия г. Данкура, _n[тип. Артиллер. и инж. кад. корпуса] _p72 с. _tОпекун обманут, бит и доволен, _uhttp://vivaldi.nlr.ru/bx000017037/view |
|
| 482 | 0 |
_1001v19\rc\1322973 _12001#$aКарета, или по Платью встречают, по уму провожают$eВодевиль в 1 д.$fПеределан с фр. Федором Кони _1210##$aМосква$cтип. Н. Степанова$d1836 _94586989 _aКони, Ф.А. (1809-1879) _cМосква _d1836 _fПеределан с фр. Федором Кони _nтип. Н. Степанова _oВодевиль в 1 д. _p120 с. _tКарета, или по Платью встречают, по уму провожают |
|
| 620 | _dМосква | ||
| 700 | 1 |
_4070 _7ca _8rus _aЛевшин _bВ. А. _f1746-1826 _gВасилий Алексеевич _3RU\NLR\auth\7772656 _955584 |
|
| 702 | 1 |
_4610 _8rus _7ca _aНовиков _bН. И. _cиздатель _f1744-1818 _gНиколай Иванович _3RU\NLR\AUTH\772860 _9112867 |
|
| 702 | 0 |
_4390 _8rus _7ca _aПавел Александрович _cвеликий князь _f1860-1919 _3RU\NLR\AUTH\7710047 _9119832 |
|
| 702 | 1 |
_4190 _7ca _8rus _aЧеботарев _bХ. А. _f1746-1815 _gХаритон Андреевич _9159016 _3RU\NLR\AUTH\770159057 |
|
| 702 | 1 |
_aДавыдов _bЕ. _gЕгор _5NLR: 18.171.4.23 _4390 |
|
| 712 | 0 | 2 |
_4610 _aМосковский университет _bТипография _3RU\NLR\AUTH\889932963 _9361140 |
| 790 | 1 |
_6z01700 _aЛвшн. _bВсл. |
|
| 801 | 0 |
_aRU _bNLR _c19970827 |
|
| 852 |
_aNLR _j19.113а.3.417 |
||
| 852 |
_aNLR _j18.171.4.23 |
||
| 899 | _aРГБ | ||
| 899 | _aБАН | ||
| 899 | _aМГУ | ||
| 899 | _aРГБИ | ||
| 899 | _aГПИБ | ||
| 899 | _aКостОУНБ | ||
| 899 |
_aММУО _y2 экз. |
||
| 899 | _aСПбГТБ | ||
| 899 | _aСПбГУ | ||
| 942 | _cBOOK | ||
| 980 | _aNB | ||
| 980 | _aA1XVIIIv | ||